| 000 | 00854pam a2200265 a 4500 | ||
|---|---|---|---|
| 001 | 4450775 | ||
| 003 | OSt | ||
| 005 | 20160819162345.0 | ||
| 008 | 950404s1996 njua b 001 0 eng | ||
| 010 | _a 95010773 | ||
| 020 | _a0133179265 | ||
| 040 |
_aDLC _cDLC _dDLC |
||
| 050 | 0 | 0 |
_aQP187 _b.H17 1996 |
| 082 | 0 | 0 |
_a599/.0142 _220 |
| 100 | 1 | _aHadley, Mac E. | |
| 245 | 1 | 0 |
_aEndocrinology / _cMac E. Hadley. |
| 250 | _a4th ed. | ||
| 260 |
_aEnglewood Cliffs, NJ : _bPrentice Hall, _cc1996. |
||
| 300 |
_axxi, 518 p. : _bill. ; _c29 cm. |
||
| 504 | _aIncludes bibliographical references and index. | ||
| 650 | 0 | _aEndocrinology. | |
| 906 |
_a7 _bcbc _corignew _d1 _eocip _f19 _gy-gencatlg |
||
| 942 |
_2lcc _cBOOKS _hQP 187 .H17 1996 |
||
| 999 |
_c13725 _d13725 |
||